000 00640nam a2200265Ia 4500
005 20260324153036.0
008 008 260324s9999 xx 000 0 eng d
020 _a9780128092774
037 _aEBOOK
040 _aCRL
040 _beng
040 _cCRL
041 _2eng
041 _aeng
084 _qCRL
100 _aForsthoffer, Michael
_9901991
245 0 _aMore Best Practices for Rotating Equipment
260 _bElsevier
260 _c2017
650 _aEngineering
856 _uhttps://www.sciencedirect.com/science/book/9780128092774
942 _cEBOOK
999 _c1841574
_d1841574